Αναδρομή στη λαική αρχιτεκτονική της Κύπρου

Αποθηκεύτηκε σε:
Λεπτομέρειες βιβλιογραφικής εγγραφής
Κύριος συγγραφέας: Σίνος, Στέφανος
Μορφή: Βιβλίο
Γλώσσα:Greek
Δημοσίευση: Αθήνα : Μακρής Α.Ε., 1976
Θέματα:
Ετικέτες: Προσθήκη ετικέτας
Δεν υπάρχουν, Καταχωρήστε ετικέτα πρώτοι!

MARC

LEADER 00000nam a2200000 i 4500
001 1/40129
008 961021s1976 gre d
035 |l 10025172 
040 |a GR-MY-UA  |b gre  |e aacr 
041 0 |a gre 
082 0 |a 720.95645 
100 1 |a Σίνος, Στέφανος. 
245 1 0 |a Αναδρομή στη λαική αρχιτεκτονική της Κύπρου /  |c Στέφανος Σίνος 
260 |a Αθήνα :   |b Μακρής Α.Ε.,   |c 1976 
300 |a 158 σ. 
500 |a Περιέχει φωτογραφίες 
650 0 0 |a Vernacular architecture  |x Cyprus. 
650 0 0 |a Architecture  |z Cyprus. 
852 |a INST  |b CHIOS  |e 19961021  |h 720.95645 ΣΙΝ  |p 005200011257  |q 005200011257  |t BK  |y 0 
909 |a Χ  |b 047581